Statistics for Largest Metro Systems Quiz

Click here to take the quiz!

General Stats

  • This quiz has been taken 365 times
  • The average score is 19 of 30

Answer Stats

LengthCity% Correct
237New York
97%
271London
96%
226Tokyo
95%
134Paris
93%
192Moscow
89%
231Beijing
88%
297Berlin
86%
264Shanghai
86%
182Madrid
82%
108Hong Kong
76%
107Chicago
75%
86Osaka
75%
242Seoul
72%
69Saint Petersburg
66%
134Guangzhou
63%
120Delhi
59%
140Mexico City
59%
91Singapore
57%
64Munich
56%
106Washington D.C.
53%
104San Francisco
46%
152Hamburg
45%
70Taipei
41%
68Stockholm
38%
111Shenzhen
36%
80Tianjin
34%
123Copenhagen
31%
64Santiago
26%
81Busan
25%
113Valencia
8%

Score Distribution

Percentile by Number Answered

Percent of People with Each Score

Your Score History

You have not taken this quiz